[Event "Botvinnik 100th Open"]
[Site "St Petersburg RUS"]
[Date "2011.08.15"]
[Round "4"]
[White "Pasiev, Rakhim"]
[Black "Malakhov, Igor"]
[Result "1/2-1/2"]
[WhiteTitle "FM"]
[BlackTitle "FM"]
[WhiteElo "2313"]
[BlackElo "2448"]
[WhiteFideId "24122475"]
[BlackFideId "4183088"]
[EventDate "2011.08.12"]

1. e4 e6 2. d3 c5 3. g3 g6 4. Bg2 Bg7 5. f4 Ne7 6. Nf3 Nbc6 7. O-O O-O 8. c3 d6
9. Be3 b6 10. Nbd2 Ba6 11. Qc2 Rc8 12. Bf2 b5 13. Rad1 b4 14. c4 Bb7 15. Rfe1 e5
16. fxe5 Nxe5 17. Nxe5 dxe5 18. Nf1 Qd6 19. Ne3 Nc6 20. Nd5 Nd4 21. Qd2 Bxd5 22.
cxd5 f5 23. Bxd4 cxd4 24. Rc1 Qa6 25. Rxc8 Rxc8 26. Rc1 Rxc1+ 27. Qxc1 Qxd3 28.
Qc8+ Kf7 29. Qd7+ Kf8 30. Qd8+ Kf7 31. Qd7+ Kf8 32. Qd8+ Kf7 33. Qd7+ 1/2-1/2

[Event "Botvinnik 100th Open"]
[Site "St Petersburg RUS"]
[Date "2011.08.15"]
[Round "4"]
[White "Tunik, Gennady"]
[Black "Vunder, Andrey"]
[Result "0-1"]
[WhiteTitle "GM"]
[WhiteElo "2440"]
[BlackElo "2308"]
[WhiteFideId "4101219"]
[BlackFideId "4128338"]
[EventDate "2011.08.12"]

1. d4 d5 2. c4 e6 3. Nf3 c5 4. cxd5 exd5 5. g3 Nf6 6. Bg2 Be7 7. O-O O-O 8. Nc3
Nc6 9. Bg5 cxd4 10. Nxd4 h6 11. Bf4 Bg4 12. h3 Bh5 13. Nf5 Bg6 14. Nxe7+ Qxe7
15. Nxd5 Nxd5 16. Qxd5 Rad8 17. Qc4 Nd4 18. e4 b5 19. Qd3 Bh5 20. g4 f5 21. f3
fxg4 22. fxg4 Bf7 23. Bh2 Bc4 24. Rxf8+ Qxf8 25. Qa3 Qf7 26. Qc5 Nf3+ 27. Kh1
Nh4 28. Qc7 Rd2 29. Qxf7+ Bxf7 30. Bf1 Bg6 31. Re1 Rxh2+ 32. Kxh2 Nf3+ 33. Kg3
Nxe1 34. Kf4 Bf7 35. Bxb5 Bxa2 36. h4 Kf7 37. Be2 Ng2+ 38. Kg3 Ne3 39. Kf4 Nc4
40. b4 Na3 41. Bd1 Nb5 42. g5 hxg5+ 43. Kxg5 Nc3 44. Bh5+ Ke7 45. Bf3 Bf7 46. e5
Be8 47. h5 Ke6 48. h6 gxh6+ 49. Kxh6 Kxe5 50. Kg7 Kd4 0-1

[Event "Botvinnik 100th Open"]
[Site "St Petersburg RUS"]
[Date "2011.08.15"]
[Round "4"]
[White "Kurilov, Viktor"]
[Black "Polivanov, Anatoliy"]
[Result "0-1"]
[BlackTitle "IM"]
[WhiteElo "2312"]
[BlackElo "2435"]
[WhiteFideId "4157303"]
[BlackFideId "14109468"]
[EventDate "2011.08.12"]

1. Nf3 Nf6 2. c4 e6 3. g3 d5 4. Bg2 d4 5. O-O c5 6. b4 cxb4 7. a3 Nc6 8. Bb2
bxa3 9. Nxa3 Bc5 10. e3 O-O 11. exd4 Nxd4 12. Nc2 e5 13. Nxe5 Nb3 14. d4 Nxa1
15. Qxa1 Be7 16. Ne3 a5 17. d5 a4 18. Bd4 Ra5 19. Rb1 Bc5 20. Bxc5 Rxc5 21. Qxa4
Re8 22. Nd3 Ra5 23. Qb4 Ra2 24. c5 Rxe3 25. fxe3 Rxg2+ 26. Kxg2 Qxd5+ 27. Kg1
Qxd3 28. Re1 h5 29. Qd4 Qc2 30. Rd1 Ne4 31. Qd8+ Kh7 32. Qd3 Qf2+ 33. Kh1 Bg4 0-1

[Event "Botvinnik 100th Open"]
[Site "St Petersburg RUS"]
[Date "2011.08.15"]
[Round "4"]
[White "Ovod, Evgenija"]
[Black "Tarasova, Viktoriya"]
[Result "1-0"]
[WhiteTitle "IM"]
[BlackTitle "WIM"]
[WhiteElo "2420"]
[BlackElo "2290"]
[WhiteFideId "4131827"]
[BlackFideId "4175840"]
[EventDate "2011.08.12"]

1. d4 d5 2. c4 c6 3. Nf3 Nf6 4. Nc3 dxc4 5. a4 Bf5 6. e3 e6 7. Bxc4 Bb4 8. Ne5
Nbd7 9. Nxd7 Nxd7 10. O-O O-O 11. e4 Bg6 12. f3 Qe7 13. Be3 Rfd8 14. Qb3 Nb6 15.
Be2 c5 16. dxc5 Bxc5 17. Bf2 a5 18. Rfd1 Bxf2+ 19. Kxf2 Qc5+ 20. Kf1 Qb4 21.
Rxd8+ Rxd8 22. Qxb4 axb4 23. Nd1 f5 24. a5 Ra8 25. exf5 exf5 26. f4 Nd5 27. Bf3
Bf7 28. Kf2 Rb8 29. g3 g6 30. Ra4 Kg7 31. Bxd5 Bxd5 32. Rxb4 Ra8 33. Ne3 Be4 34.
Nc4 Rd8 35. Rb6 Rd7 36. b4 Bh1 37. Ke3 Kf8 38. Ne5 Rc7 39. Kd4 Ke7 40. Nd3 Rd7+
41. Kc3 Kd8 42. Nc5 Re7 43. Rd6+ Kc7 44. Re6 Rf7 45. b5 1-0

[Event "Botvinnik 100th Open"]
[Site "St Petersburg RUS"]
[Date "2011.08.15"]
[Round "4"]
[White "Ponfilenok, Vladimir"]
[Black "Nuretdinov, Igor"]
[Result "1/2-1/2"]
[WhiteElo "2413"]
[BlackElo "2276"]
[WhiteFideId "24113522"]
[BlackFideId "14700085"]
[EventDate "2011.08.12"]

1. d4 d5 2. Nf3 Nf6 3. c4 c6 4. e3 Bf5 5. Nc3 e6 6. Nh4 Bg6 7. Nxg6 hxg6 8. g3
Nbd7 9. Qe2 Be7 10. Bg2 dxc4 11. Qxc4 Nb6 12. Qe2 O-O 13. O-O Qd6 14. Rd1 Rad8
15. e4 Qb4 16. a3 Qc4 17. Bf1 Qxe2 18. Bxe2 Rd7 19. Be3 Rfd8 20. f3 Ne8 21. a4
Bf6 22. a5 Nc8 23. Ra4 Nc7 24. Kf2 b5 25. axb6 axb6 26. Rc4 Na7 27. Ra4 Nc8 28.
Rc4 Na7 29. Ra1 Ne8 30. Rca4 Nc8 31. Rc4 Na7 32. Rb4 Nc8 33. e5 Be7 34. Rc4 Na7
35. Rca4 Nc8 36. Rc1 Na7 37. Ne4 Rb7 38. Rca1 Nc8 39. Rc1 Na7 40. Rca1 Nc8 41.
Rc1 Na7 42. Ba6 Rbb8 43. Bd3 Rb7 44. Nc3 Nc7 45. Be4 Nd5 46. Nxd5 cxd5 47. Bd3
Rdd7 48. Ra6 Kf8 49. h4 Ke8 50. Bd2 Kd8 51. Ke3 Rdc7 52. Rh1 Nc6 53. Ra8+ Rb8
54. Rha1 Rxa8 55. Rxa8+ Rc8 56. Ra4 Rc7 57. Bb5 Na7 58. Be2 Kc8 59. Ra1 Kb7 60.
Bc3 b5 1/2-1/2

[Event "Botvinnik 100th Open"]
[Site "St Petersburg RUS"]
[Date "2011.08.15"]
[Round "4"]
[White "Artemiev, Vladislav"]
[Black "Usmanov, Vasily"]
[Result "1-0"]
[WhiteTitle "FM"]
[WhiteElo "2401"]
[BlackElo "2260"]
[WhiteFideId "24101605"]
[BlackFideId "4135741"]
[EventDate "2011.08.12"]

1. c4 e6 2. d4 d5 3. Nc3 Be7 4. Nf3 Nf6 5. Bg5 h6 6. Bh4 O-O 7. e3 b6 8. Be2 Bb7
9. Bxf6 Bxf6 10. cxd5 exd5 11. b4 c6 12. O-O Nd7 13. Qb3 Re8 14. Rfd1 a6 15. a4
Nf8 16. Rac1 Qd6 17. Bd3 Be7 18. b5 cxb5 19. axb5 Qa3 20. Qxa3 Bxa3 21. bxa6
Bxc1 22. axb7 Ra1 23. Nxd5 Kh8 24. Ne5 Rb8 25. Ne7 g6 26. Nxf7+ Kg7 27. Nd6 Nd7
28. Nc6 Rf8 29. Nc8 b5 30. Bxb5 Rb1 31. Ne5 Rxb5 32. Nxd7 Rd8 33. b8=Q Rxb8 34.
Nxb8 Rxc8 35. Nd7 Ba3 36. g3 1-0

[Event "Botvinnik 100th Open"]
[Site "St Petersburg RUS"]
[Date "2011.08.15"]
[Round "4"]
[White "Solovjov, Sergey I."]
[Black "Solovyov, Viktor"]
[Result "1-0"]
[WhiteTitle "IM"]
[WhiteElo "2387"]
[BlackElo "2264"]
[WhiteFideId "4122780"]
[BlackFideId "4102754"]
[EventDate "2011.08.12"]

1. e4 e5 2. Nf3 Nc6 3. Bb5 Nf6 4. d3 d6 5. c3 Be7 6. Nbd2 O-O 7. Nf1 Nb8 8. Ng3
c6 9. Ba4 Nbd7 10. O-O Re8 11. d4 Qc7 12. Bb3 h6 13. Nh4 Nf8 14. Nhf5 Bxf5 15.
Nxf5 Ne6 16. h4 Kf8 17. Qf3 d5 18. exd5 e4 19. Qe3 cxd5 20. f3 Bd6 21. fxe4 dxe4
22. Nxg7 Bh2+ 23. Kh1 Ng4 24. Qh3 Nxg7 25. Qxg4 f5 26. Bxh6 1-0

[Event "Botvinnik 100th Open"]
[Site "St Petersburg RUS"]
[Date "2011.08.15"]
[Round "4"]
[White "Orlov, Oleg"]
[Black "Pankov, German"]
[Result "0-1"]
[BlackTitle "FM"]
[WhiteElo "2290"]
[BlackElo "2387"]
[WhiteFideId "4166612"]
[BlackFideId "4174569"]
[EventDate "2011.08.12"]

1. Nf3 Nf6 2. c4 b6 3. g3 Bb7 4. Bg2 e6 5. O-O Be7 6. d3 c5 7. e4 d6 8. Nc3 O-O
9. Ng5 Nc6 10. f4 Qd7 11. Bh3 Nd4 12. Be3 Qc6 13. f5 exf5 14. Nd5 Nxd5 15. exd5
Qe8 16. Bxf5 Nxf5 17. Rxf5 Bc8 18. Rf2 f5 19. Qd2 h6 20. Ne6 Bxe6 21. dxe6 Qg6
22. Re1 Rf6 23. Rfe2 Re8 24. Bf4 Qh5 25. h4 Rff8 26. Rh2 Qg4 27. Qg2 g5 28. hxg5
hxg5 29. Qh1 Bf6 30. e7 Rf7 31. Qc6 Rexe7 32. Qa8+ Rf8 33. Qd5+ Ref7 34. Bxd6
Rd8 35. Rh7 Qd4+ 36. Re3 Qxd5 0-1

[Event "Botvinnik 100th Open"]
[Site "St Petersburg RUS"]
[Date "2011.08.15"]
[Round "4"]
[White "Dzhumagaliev, Yan"]
[Black "Zimin, Alexey"]
[Result "1/2-1/2"]
[WhiteTitle "FM"]
[WhiteElo "2375"]
[BlackElo "2235"]
[WhiteFideId "24100110"]
[BlackFideId "4168925"]
[EventDate "2011.08.12"]

1. d4 d5 2. c4 c6 3. Nf3 Nf6 4. e3 a6 5. Bd3 Bg4 6. Qb3 Qc7 7. Ne5 Bh5 8. cxd5
cxd5 9. O-O Bg6 10. Bd2 Bxd3 11. Qxd3 e6 12. Rc1 Nc6 13. Nxc6 bxc6 14. Nc3 Bd6
15. h3 O-O 16. Rc2 c5 17. dxc5 Qxc5 18. e4 Nxe4 19. Nxe4 dxe4 20. Qxe4 Qe5 21.
Re1 Qh2+ 22. Kf1 Rab8 23. Bc3 Rfd8 24. Qg4 e5 25. Rd2 h5 26. Qf3 Bc7 27. Ke2 Bb6
28. Red1 Bd4 29. Qg3 Qxg3 30. fxg3 Re8 31. Bxd4 exd4+ 32. Kf2 Re4 33. b3 Rd8 34.
Rc1 Rd6 35. Rd3 f5 36. Rc5 g6 37. Rc7 Kf8 38. a4 Re7 39. Rc4 Re4 40. b4 Ke7 41.
b5 axb5 42. axb5 Ke6 43. Rb4 Rb6 44. Rdxd4 Rxd4 45. Rxd4 Rxb5 1/2-1/2

[Event "Botvinnik 100th Open"]
[Site "St Petersburg RUS"]
[Date "2011.08.15"]
[Round "4"]
[White "Donskov, Anatoly"]
[Black "Ulanov, Alexandr"]
[Result "1/2-1/2"]
[BlackTitle "IM"]
[WhiteElo "2267"]
[BlackElo "2371"]
[WhiteFideId "24143413"]
[BlackFideId "24107646"]
[EventDate "2011.08.12"]

1. e4 g6 2. d4 Bg7 3. Nc3 d6 4. f4 Nf6 5. Nf3 O-O 6. Bd3 Na6 7. O-O c5 8. d5 Nc7
9. f5 b5 10. fxg6 fxg6 11. Qe1 c4 12. Be2 Bg4 13. Ng5 h6 14. Bxg4 Nxg4 15. Nf3
Qd7 16. h3 Ne5 17. Nxe5 Rxf1+ 18. Qxf1 dxe5 19. Be3 Ne8 20. a4 b4 21. Na2 a5 22.
Qxc4 Nd6 23. Qd3 Qxa4 24. b3 Qe8 25. c4 bxc3 26. Nxc3 Rb8 27. Na4 Qb5 28. Qxb5
Rxb5 29. Nc5 Bf6 30. Rc1 Kh7 31. Kf1 Nb7 32. Rc3 Bg5 33. Bxg5 Nxc5 34. Bxe7 Nxe4
35. Rd3 Rxb3 36. Rxb3 Nd2+ 37. Ke2 Nxb3 38. Kd3 Kg7 39. Kc4 Kf7 40. Bd6 Nd2+ 41.
Kd3 Nb3 42. Bxe5 Nc5+ 43. Kc4 Nd7 44. Bc3 a4 45. Kb5 a3 46. Kc6 Nf8 47. Kc7 Ke8
48. d6 a2 49. Kc8 Nd7 50. Bd4 Nf8 51. Bc3 1/2-1/2

[Event "Botvinnik 100th Open"]
[Site "St Petersburg RUS"]
[Date "2011.08.15"]
[Round "4"]
[White "Polyaninov, Aleksey"]
[Black "Korniyuk, Mariya"]
[Result "1-0"]
[BlackTitle "WFM"]
[WhiteElo "2365"]
[BlackElo "2104"]
[WhiteFideId "4118499"]
[BlackFideId "14118874"]
[EventDate "2011.08.12"]

1. Nf3 Nf6 2. g3 g6 3. Bg2 Bg7 4. O-O c5 5. c3 O-O 6. d4 d6 7. dxc5 dxc5 8. Na3
Be6 9. Ng5 Bd5 10. e4 Bc6 11. Qe2 Na6 12. Nc4 h6 13. Nh3 Nd7 14. a4 Rb8 15. f4
b5 16. Na3 Nc7 17. axb5 Nxb5 18. e5 Bxg2 19. Kxg2 Nxa3 20. Rxa3 a5 21. Rd1 Qc7
22. Nf2 Rfc8 23. h4 Nf8 24. h5 Kh7 25. Qe4 c4 26. Rd5 Ra8 27. Be3 Nd7 28. Ra1
Ra6 29. Rad1 Nf8 30. Rc5 Rc6 31. hxg6+ fxg6 32. Rxc6 Qxc6 33. Qxc6 Rxc6 34. Rd5
Ra6 35. Rc5 Ne6 36. Rxc4 a4 37. Kf3 Kg8 38. Ke4 Ra5 39. Nd3 Kf7 40. g4 a3 41.
bxa3 Rxa3 42. f5 gxf5+ 43. gxf5 Ng5+ 44. Bxg5 hxg5 45. Rc7 Ra1 46. c4 Rf1 47.
Rb7 Ke8 48. e6 Kd8 49. Rd7+ Ke8 50. Ra7 Kd8 51. Kd5 Ra1 52. Rxa1 Bxa1 53. Ke4
Kc7 54. Kf3 Bd4 55. Kg4 Be3 56. Ne5 Kd6 57. Nf7+ Kc5 58. f6 1-0

[Event "Botvinnik 100th Open"]
[Site "St Petersburg RUS"]
[Date "2011.08.15"]
[Round "4"]
[White "Korchmar, Vasiliy"]
[Black "Serov, Maksim"]
[Result "1/2-1/2"]
[WhiteElo "2262"]
[BlackElo "2364"]
[WhiteFideId "24131750"]
[BlackFideId "4181905"]
[EventDate "2011.08.12"]

1. e4 e6 2. Nf3 d5 3. e5 b6 4. d4 Qd7 5. Bd3 Ba6 6. Bxa6 Nxa6 7. O-O c5 8. Qe2
Nc7 9. Rd1 c4 10. Nbd2 Ne7 11. Nf1 Nc6 12. c3 b5 13. Ne1 b4 14. f4 h5 15. Nf3
bxc3 16. bxc3 Rb8 17. Ne3 Be7 18. g3 Na5 19. Qc2 g6 20. h3 Rb6 21. g4 hxg4 22.
hxg4 Kd8 23. Kg2 Kc8 24. Bd2 Nb5 25. Qa4 Nc7 26. Qc2 Nb5 27. Qa4 Nc7 28. Qc2 Nb5 1/2-1/2

[Event "Botvinnik 100th Open"]
[Site "St Petersburg RUS"]
[Date "2011.08.15"]
[Round "4"]
[White "Kashtanov, Ruslan"]
[Black "Irinchinov, Vladimir"]
[Result "1-0"]
[WhiteTitle "IM"]
[WhiteElo "2360"]
[BlackElo "2067"]
[WhiteFideId "4124871"]
[BlackFideId "24116165"]
[EventDate "2011.08.12"]

1. e4 e5 2. Nf3 Nc6 3. Bc4 Nf6 4. d4 exd4 5. e5 d5 6. Bb5 Ne4 7. Nxd4 Bd7 8.
Bxc6 bxc6 9. O-O Bc5 10. f3 Ng5 11. Be3 Qe7 12. Qd2 O-O 13. Bxg5 Bxd4+ 14. Qxd4
Qxg5 15. Nc3 Rab8 16. Rae1 a5 17. a3 Bf5 18. Rf2 Qg6 19. Na4 Bxc2 20. Nc5 Bf5
21. Qc3 Rb5 22. Nb3 c5 23. Nxc5 Qb6 24. Rc1 Qa7 25. Qd4 Qa8 26. g4 Bc8 27. h3
Rb6 28. f4 h5 29. f5 hxg4 30. hxg4 Rh6 31. Rc3 Kh7 32. g5 Rh5 33. Qg4 g6 34.
fxg6+ fxg6 35. Rxf8 d4 36. Rh3 1-0

[Event "Botvinnik 100th Open"]
[Site "St Petersburg RUS"]
[Date "2011.08.15"]
[Round "4"]
[White "Nikitinyh, Boris"]
[Black "Biriukov, Oleg V."]
[Result "1-0"]
[BlackTitle "IM"]
[WhiteElo "2234"]
[BlackElo "2339"]
[WhiteFideId "4198328"]
[BlackFideId "4123174"]
[EventDate "2011.08.12"]

1. e4 c5 2. Nf3 d6 3. d4 cxd4 4. Nxd4 Nf6 5. Bd3 Nc6 6. Nxc6 bxc6 7. O-O g6 8.
c4 Bg7 9. Nc3 O-O 10. h3 Nd7 11. Bd2 Nc5 12. Bc2 f5 13. exf5 gxf5 14. Qh5 e5 15.
b4 Nb7 16. Rad1 Be6 17. Bb3 Qe8 18. Qxe8 Rfxe8 19. Rfe1 Kf7 20. f3 f4 21. Ne4 h6
22. Bc3 Red8 23. Re2 a5 24. bxa5 Bf8 25. Red2 Be7 26. Bb4 c5 27. Bc3 Bf5 28. Ba4
Bxe4 29. fxe4 Nxa5 30. Bb5 Rdc8 31. Bxa5 Rxa5 32. a4 Rg8 33. Kf1 Ke6 34. Rd3 h5
35. Rb1 Rg3 36. Rxg3 fxg3 37. Kg1 Ra8 38. Rf1 Bg5 39. Rf5 Rg8 40. Bc6 Ke7 41.
Bd5 Rg7 42. a5 1-0

[Event "Botvinnik 100th Open"]
[Site "St Petersburg RUS"]
[Date "2011.08.15"]
[Round "4"]
[White "Kobzar, Alexandr"]
[Black "Martynenko, Andrei"]
[Result "0-1"]
[BlackTitle "FM"]
[WhiteElo "2184"]
[BlackElo "2357"]
[WhiteFideId "14113660"]
[BlackFideId "4167996"]
[EventDate "2011.08.12"]

1. e4 c5 2. Nc3 Nc6 3. f4 g6 4. Nf3 Bg7 5. Bc4 e6 6. O-O Nge7 7. d3 d5 8. Bb3
O-O 9. Qe1 a6 10. Nd1 Na5 11. c3 Nxb3 12. axb3 dxe4 13. dxe4 b5 14. Be3 Qc7 15.
b4 cxb4 16. cxb4 Bb7 17. Rc1 Nc6 18. e5 Qd7 19. Bc5 Rfc8 20. Nc3 Nxb4 21. Rd1
Nd3 22. b4 Nxe1 23. Rxd7 Nxf3+ 24. gxf3 Bc6 25. Rd3 Bh6 26. Be3 a5 27. Ne4 Bxe4
28. fxe4 axb4 29. Rb1 Ra3 30. Rxa3 bxa3 31. Rxb5 Ra8 32. Rb1 a2 33. Ra1 Ra4 0-1

[Event "Botvinnik 100th Open"]
[Site "St Petersburg RUS"]
[Date "2011.08.15"]
[Round "4"]
[White "Sedlak, Nikola"]
[Black "Elkin, Leonid"]
[Result "1-0"]
[WhiteTitle "GM"]
[WhiteElo "2580"]
[BlackElo "2159"]
[WhiteFideId "922900"]
[BlackFideId "13501240"]
[EventDate "2011.08.12"]

1. d4 Nf6 2. c4 g6 3. Nc3 Bg7 4. e4 d6 5. Nf3 O-O 6. Be2 e5 7. O-O Nc6 8. d5 Ne7
9. Kh1 Nd7 10. g4 f5 11. gxf5 gxf5 12. Rg1 Nc5 13. Be3 Nxe4 14. Nxe4 fxe4 15.
Ng5 Nf5 16. Nxe4 Nxe3 17. fxe3 Qh4 18. Bg4 Bf5 19. Bxf5 Rxf5 20. Qg4 Qxg4 21.
Rxg4 Kh8 22. Rag1 Bh6 23. R4g3 Raf8 24. Rh3 Bg7 25. Ng5 h6 26. Ne6 R8f7 27. Rhg3
Bf6 28. Rg8+ 1-0

[Event "Botvinnik 100th Open"]
[Site "St Petersburg RUS"]
[Date "2011.08.15"]
[Round "4"]
[White "Martynov, Pavel2"]
[Black "Lintchevski, Daniil"]
[Result "0-1"]
[BlackTitle "GM"]
[WhiteElo "2237"]
[BlackElo "2553"]
[WhiteFideId "4122186"]
[BlackFideId "4171055"]
[EventDate "2011.08.12"]

1. d4 d5 2. Nf3 Nf6 3. c4 dxc4 4. e3 e6 5. Bxc4 a6 6. O-O b5 7. Be2 Bb7 8. a4 c6
9. Qc2 Nbd7 10. e4 Be7 11. e5 Nd5 12. Nc3 N7b6 13. Ne4 Nb4 14. Qb1 Nxa4 15. Bg5
f6 16. exf6 gxf6 17. Bh6 Rg8 18. Nc5 Nxc5 19. Qxh7 Kd7 20. dxc5 Rh8 21. Qe4 Nd5
22. Be3 Qg8 23. Nd4 Re8 24. Rfc1 Bd8 25. Bxb5 f5 26. Qd3 Bc7 27. Bc4 Rxh2 28.
Bxd5 cxd5 29. Kf1 Qg4 30. Ke1 Ke7 31. c6 Bc8 32. Qe2 Rxg2 33. Qxg4 Rxg4 34. Nb3
e5 35. Nc5 f4 36. Nxa6 Bxa6 37. Bc5+ Bd6 38. Bxd6+ Kxd6 39. Rxa6 Rg1+ 40. Kd2
Rxc1 41. Kxc1 Rc8 42. c7+ Kxc7 43. Kd2 Kd7 44. b4 Rc4 45. Ra7+ Ke6 46. Ra6+ Kf5
47. Rb6 Ke4 48. Rb8 Kf3 49. b5 Kxf2 0-1

[Event "Botvinnik 100th Open"]
[Site "St Petersburg RUS"]
[Date "2011.08.15"]
[Round "4"]
[White "Fedoseev, Vladimir3"]
[Black "Palachev, Petr"]
[Result "1/2-1/2"]
[WhiteTitle "GM"]
[WhiteElo "2520"]
[BlackElo "2207"]
[WhiteFideId "24130737"]
[BlackFideId "24129003"]
[EventDate "2011.08.12"]

1. d4 d5 2. Nf3 Nf6 3. c4 c6 4. Qb3 dxc4 5. Qxc4 b5 6. Qc2 e6 7. e4 Bb7 8. Bd3
h6 9. Nc3 Nbd7 10. O-O a6 11. e5 Nd5 12. Nxd5 cxd5 13. a4 bxa4 14. Qxa4 Be7 15.
Bd2 O-O 16. Ba5 Qe8 17. Rfc1 Rc8 18. Qb3 Rxc1+ 19. Rxc1 Qa8 20. Qa4 Rc8 21.
Rxc8+ Qxc8 22. g3 Bc6 23. Qd1 Bb5 24. Ne1 Bxd3 25. Nxd3 Qc4 26. Nf4 Nb8 27. Nh5
Nc6 28. Bc3 a5 29. Qg4 Bf8 30. Nf6+ Kh8 31. Qh5 g6 32. Qd1 a4 33. Qd2 Qb5 34.
Qf4 Ne7 35. h4 Ng8 36. Ng4 Kg7 37. Qc1 h5 38. Ne3 Ne7 39. g4 hxg4 40. Nxg4 Nf5
41. h5 Be7 42. hxg6 fxg6 43. Ne3 Qb3 44. Kh2 Nxe3 45. Qxe3 Qc2 46. Kg2 Kf7 47.
Qf3+ Kg7 48. Kg3 Qf5 49. Qe3 Qg5+ 50. Qxg5 Bxg5 51. Bb4 Bc1 52. Ba3 g5 53. Kf3
Kg6 54. Kg4 Kh6 55. Kh3 Kg6 56. Kg4 Kh6 57. Kh3 Kg6 1/2-1/2

[Event "Botvinnik 100th Open"]
[Site "St Petersburg RUS"]
[Date "2011.08.15"]
[Round "4"]
[White "Barhudarian, Rafael"]
[Black "Skvortsov, Alexander"]
[Result "1-0"]
[WhiteTitle "FM"]
[WhiteElo "2325"]
[BlackElo "2103"]
[WhiteFideId "4182685"]
[BlackFideId "24170038"]
[EventDate "2011.08.12"]

1. d4 Nf6 2. Nc3 d5 3. Bg5 Nbd7 4. Qd3 g6 5. e4 dxe4 6. Nxe4 Bg7 7. Nf3 O-O 8.
O-O-O Nb6 9. Nxf6+ exf6 10. Bd2 Re8 11. c4 Bg4 12. Bf4 c6 13. h3 Bf5 14. Qd2 Be4
15. Ne1 g5 16. Be3 Qe7 17. Nc2 h6 18. h4 Rad8 19. Re1 Qc7 20. f3 Bg6 21. g4 Nd7
22. f4 Be4 23. Bg2 Nc5 24. Bxe4 Nxe4 25. Qh2 c5 26. d5 Qa5 27. Na3 Qb4 28. Bd2
Qa4 29. hxg5 fxg5 30. fxg5 Nxd2 31. Qxd2 Rxe1+ 32. Rxe1 Qa6 33. gxh6 Bxh6 34. g5
Bg7 35. Qd3 Qd6 36. Qf3 Qh2 37. Nc2 Qh4 38. g6 Qg5+ 39. Kb1 Qxg6 40. Qe3 Qf6 41.
Qb3 b6 42. a3 Kf8 43. Rd1 Ke7 44. Ne3 Kf8 45. Qc2 Qf4 46. Nf5 Be5 47. Rd2 Rd7
48. Rf2 Qg5 49. Ka2 f6 50. Qa4 Ke8 51. Qc6 Qc1 52. Qc8+ Kf7 53. Qxd7+ Kg6 54.
Rg2+ 1-0

[Event "Botvinnik 100th Open"]
[Site "St Petersburg RUS"]
[Date "2011.08.15"]
[Round "4"]
[White "Kharmunova, Nadejda"]
[Black "Krivonos, Nikolay"]
[Result "1-0"]
[WhiteTitle "WFM"]
[WhiteElo "2181"]
[BlackElo "2296"]
[WhiteFideId "4195876"]
[BlackFideId "4154568"]
[EventDate "2011.08.12"]

1. e4 d5 2. exd5 Qxd5 3. Nc3 Qa5 4. g3 c6 5. Bg2 Bf5 6. b4 Qc7 7. Nge2 e6 8. Rb1
a6 9. O-O Nf6 10. d3 Be7 11. Nd4 Bg6 12. Ne4 O-O 13. Qe2 Re8 14. h4 Nbd7 15. a4
Rad8 16. Bd2 h6 17. Nb3 Nf8 18. c4 e5 19. Bc3 Ne6 20. Nxf6+ Bxf6 21. Be4 Nd4 22.
Bxd4 exd4 23. Nd2 Bxh4 24. Qg4 Bxe4 25. Nxe4 Be7 26. b5 cxb5 27. axb5 a5 28. c5
Qc8 29. Qf4 f5 30. Nd6 Bxd6 31. cxd6 Qc5 32. Rfc1 Qxd6 33. Qxf5 Re5 34. Qf3 Qd5
35. Qxd5+ Rdxd5 36. Rc8+ Kh7 37. b6 Rb5 38. Rxb5 Rxb5 39. Ra8 Kg6 40. Kg2 Kf6
41. Kf3 Ke6 42. Ra7 Rxb6 43. Rxa5 Rb2 44. Ke4 Re2+ 45. Kf3 Re5 46. Ra7 Rb5 47.
Ke4 Rb4 48. f4 g6 49. g4 Kd7 50. Ra8 Rb6 51. Rh8 g5 52. Rh7+ Ke8 53. f5 Rb1 54.
Kxd4 b5 55. Ke5 Re1+ 56. Kf6 Rc1 57. Rb7 Rg1 58. Kg7 Rxg4 59. f6 Rf4 60. f7+ 1-0

[Event "Botvinnik 100th Open"]
[Site "St Petersburg RUS"]
[Date "2011.08.15"]
[Round "4"]
[White "Klimentiev, Sergey"]
[Black "Toivonen, Alexander V."]
[Result "1-0"]
[BlackTitle "FM"]
[WhiteElo "1698"]
[BlackElo "2292"]
[WhiteFideId "24155896"]
[BlackFideId "4107918"]
[EventDate "2011.08.12"]

1. d4 d5 2. c4 c6 3. Nf3 Nf6 4. Nc3 dxc4 5. a4 Bf5 6. e3 e6 7. Bxc4 Bb4 8. O-O
O-O 9. Nh4 Ne4 10. Nxf5 exf5 11. Nxe4 fxe4 12. f3 exf3 13. Qxf3 Qd7 14. a5 Na6
15. Ra4 Bd6 16. Bb3 c5 17. Bd2 Rac8 18. Bc3 Qe7 19. Qh3 Rfe8 20. Rf3 cxd4 21.
Rxd4 Nc5 22. Rg4 Be5 23. Qh6 Bxc3 24. bxc3 Ne6 25. Rh3 1-0

[Event "Botvinnik 100th Open"]
[Site "St Petersburg RUS"]
[Date "2011.08.15"]
[Round "4"]
[White "Stetsko, Lanita"]
[Black "Semenova, Irina"]
[Result "1/2-1/2"]
[WhiteTitle "FM"]
[BlackTitle "WGM"]
[WhiteElo "2135"]
[BlackElo "2241"]
[WhiteFideId "13505300"]
[BlackFideId "4118367"]
[EventDate "2011.08.12"]

1. e4 e5 2. Nf3 Nc6 3. Bb5 a6 4. Ba4 d6 5. c3 g6 6. d4 Bd7 7. O-O Bg7 8. Re1 Qe7
9. Bg5 Nf6 10. dxe5 dxe5 11. Nbd2 h6 12. Bxf6 Qxf6 13. Nf1 b5 14. Bb3 Na5 15.
Bc2 Rd8 16. Ne3 c6 17. Qe2 O-O 18. a4 Nb7 19. axb5 axb5 20. b4 h5 21. Ra7 Nd6
22. Nd2 Be6 23. Ra6 Rc8 24. Nb3 Nxe4 25. Bxe4 Bxb3 26. Qb2 Qe6 27. Bxc6 Rxc6 28.
Rxc6 Qxc6 29. Qxb3 Rd8 30. h3 Rd3 31. Rd1 Rxc3 32. Rd8+ Bf8 33. Qb2 Rc1+ 34. Kh2
Qc7 35. Re8 Qc3 36. Qxc3 Rxc3 37. Nd5 Rd3 38. Nc7 Kg7 39. Nxb5 Bxb4 40. Rxe5 Rd2
41. Kg3 Rb2 42. Kf3 1/2-1/2

[Event "Botvinnik 100th Open"]
[Site "St Petersburg RUS"]
[Date "2011.08.15"]
[Round "4"]
[White "Emdin, Mark"]
[Black "Lanin, Alexsej"]
[Result "0-1"]
[BlackTitle "IM"]
[WhiteElo "2068"]
[BlackElo "2423"]
[WhiteFideId "4100050"]
[BlackFideId "4154959"]
[EventDate "2011.08.12"]

1. e4 c5 2. Nc3 a6 3. g3 Nc6 4. Bg2 Nf6 5. d3 e6 6. Nge2 Be7 7. O-O O-O 8. Be3
b5 9. a3 Bb7 10. d4 cxd4 11. Nxd4 Ne5 12. Bf4 d6 13. Nb3 Qc7 14. Bxe5 dxe5 15.
Qe2 Ne8 16. Qe3 Rc8 17. Rfd1 Nd6 18. Nd2 Rfd8 19. h3 Rd7 20. Kh2 Rcd8 21. f4 Bf6
22. Qe2 exf4 23. e5 fxg3+ 24. Kh1 Bxg2+ 25. Kxg2 Nf5 26. exf6 Nh4+ 0-1